| 000 | 01010cam a2200253 4500 | ||
|---|---|---|---|
| 001 | ABS62495 | ||
| 008 | 000000n2000 000 0 eng u | ||
| 035 | _a(Sirsi) u106664 | ||
| 100 | _aWiltshire, S. | ||
| 245 | 2 | _aA mix without muddle | |
| 260 | _c2000 | ||
| 490 |
_aEstates Gazette _v(0023) 134-135(2) |
||
| 520 | _aMixed-use developments are looked at favourably by local authorities, and support government emphasis on regeneration. Article considers the legal principles that need to be addressed when designing and promoting a mixed-used scheme. Provides a brief overview of the policy background of such schemes in the context of PPG3:Housing. | ||
| 590 | _aABS | ||
| 650 | _aPPG3 | ||
| 650 | _aMIXED-USE DEVELOPMENTS | ||
| 650 | _aPLANNING AUTHORITIES | ||
| 650 | _aLANDLORD AND TENANT ACT 1985 | ||
| 650 | _aLANDLORD AND TENANT ACT 1987 | ||
| 650 | _aLEASEHOLD REFORM, HOUSING AND URBAN DEVELOPMENT ACT 1993 | ||
| 690 | _aHOUSING-DEVELOPMENT | ||
| 700 | _aGilbey, I. | ||
| 942 | _n0 | ||
| 999 |
_c63860 _d63860 |
||